EASY Romance Anime Quiz (2024) - Statistics

General Stats
  • This quiz has been taken 1,154 times
  • The average score is 7 of 15
Answer Stats
Hint Anime % Correct
He plays the piano, she plays the violin. Many tissues required (for the tears, that is) Your Lie In April
93%
He makes dolls with his granddad and meets a gyaru who is after his skills, and maybe more... My Dress Up Darling
86%
He gets trapped in a video game and meets a beautiful girl and they adopt an AI child together Sword Art Online
63%
An 4'9 tsundere (ooo scary, you gonna bite my kneecaps??) meets housework loving boy and they help each other confess to their crushes Toradora
62%
Both of them are a part of the student council and neither are willing to tell the other they like them and so the games begin... Kaguya sama Love Is War
58%
My guy takes a pill that makes him 10 years younger and makes him a high school student again. If only we could stay young forever... Relife
48%
A girl begins living in a house of people who can mysteriously transform into animals... Fruits Basket
44%
He's a massive simp Rent A Girlfriend
41%
She wears a rather arousing animal costume. That's all you need to know Rascal Does Not Dream Of Bunny Girl Senpai
39%
He dies but gets saved by a devil. She makes him join her house and is now surrounded a harem of girls as they fight together against the angels High School DxD
38%
They get married in the first episode. I wish it was that easy Tonikawa
31%
She gets dragged into joining a club full of an eccentric set of characters in a rich school after getting in on a scholarship Ouran High School Host Club
22%
A rather plain looking guy has to date spirits in order to contain their dangerous powers. Now he has a harem bigger than my future Date A Live
21%
Semi depressed guy helps a bunch of girls with their problems despite having many of his own. He even ends up marrying one of said girls after... Clannad
9%
She spends all day pretending to be somebody else and he gets tired of it, but sticks around all the same. They also happen to live very close to each other... Love Chunibyo And Other Delusions
2%
No matching quizzes found
Score Distribution
Percent of People with Each Score
Percentile by Number Answered
Your Score History
You have not taken this quiz